000 00262nam a22001217a 4500
008 181122b xxu||||| |||| 00| 0 eng d
041 _aeng
080 _a941
100 _a16
101 _aHIS
245 _aOur Nation History
_c Craig .R.E
942 _2udc
_cBK
999 _c52331
_d52331